Focus (Record no. 76087)

MARC details
000 -LEADER
fixed length control field 00962cab a2200229 4500
001 - CONTROL NUMBER
control field ##L131454
008 - FIXED-LENGTH DATA ELEMENTS--GENERAL INFORMATION
fixed length control field 051104n2005 000 0 eng u
035 ## - SYSTEM CONTROL NUMBER
System control number (Sirsi) u131454
041 0# - LANGUAGE CODE
Language code of text/sound track or separate title eng
100 1# - MAIN ENTRY--PERSONAL NAME
Personal name Elghamry, Nadia
245 00 - TITLE STATEMENT
Title Focus
Remainder of title offices and business parks
260 3# - PUBLICATION, DISTRIBUTION, ETC.
Date of publication, distribution, etc. 2005
490 #0 - SERIES STATEMENT
Series statement Estates Gazette
Volume/sequential designation (543) 29 October 2005, 117-139(13)
520 ## - SUMMARY, ETC.
Summary, etc. Covers aspects of the office and business park markets: the future of business parks; overview of current business park lettings; growth in the serviced office sector; better staff services in business parks and evening and weekend activity; business parks to be more intensely developed, and the return of call centres from India to the UK.
590 ## - LOCAL NOTE (RLIN)
Local note IKA081105
690 ## - LOCAL SUBJECT ADDED ENTRY--TOPICAL TERM (OCLC, RLIN)
Topical term or geographic name as entry element PROPERTY-COMMERCIAL PROPERTY-COMMERCIAL PROPERTY MARKET
700 1# - ADDED ENTRY--PERSONAL NAME
Personal name Kivlehan, Noella Pio
700 1# - ADDED ENTRY--PERSONAL NAME
Personal name Cavanagh, Elaine
700 1# - ADDED ENTRY--PERSONAL NAME
Personal name Adshead, Anthony
700 1# - ADDED ENTRY--PERSONAL NAME
Personal name Batham, Matthew
942 ## - ADDED ENTRY ELEMENTS (KOHA)
Suppress in OPAC 0
Holdings
Withdrawn status Lost status Source of classification or shelving scheme Damaged status Not for loan Home library Current library Shelving location Date acquired Total Checkouts Full call number Barcode Date last seen Copy number Price effective from Koha item type
    Dewey Decimal Classification     London London Journal article 04/11/2005   L131454 131454-1001 06/08/2019 1 06/08/2019 Journal article